| 000 | 00670nam a2200181 a 4500 | ||
|---|---|---|---|
| 008 | 170314s2014 ||||||||||||||||| || u | ||
| 020 | _a9789351522256 | ||
| 050 | _aRD 561 Raj | ||
| 100 | _aRajgopal, Ashok | ||
| 245 | 1 | 0 |
_aKnee Surgery _cBy Ashok Rajgopal |
| 260 |
_aNew Delhi: _bJaypee Brothers Medical publishers _c2014 |
||
| 300 | _axxv, 619p.: ill. | ||
| 350 | _a225.00 | ||
| 500 | _aAccompanied by a CD-ROM | ||
| 650 | _aKNEE--SURGERY | ||
| 650 | _aKNEE--WOUNDS AND INJURIES | ||
| 995 |
_aMEDICAL LIBRARY OPEN ACCESS _e903692 _FCBU-SCHOOL OF MEDICINE LIBRARY (Ndola) _I225.00 _jRD 561 Raj _M1 _UAVAILABLE _WMar 16, 2017 _y903692 _ZMedical Library Open Access Collection |
||
| 999 |
_c31882 _d31882 |
||